| 000 | 00608nam a2200205 a 4500 | ||
|---|---|---|---|
| 001 | 8299 | ||
| 003 | CO-ViMGA | ||
| 008 | 141112s2004 ck r 000 u spa d | ||
| 020 | _a9588012171 | ||
| 040 |
_aCO-ViMGA _bspa _cCO-ViMGA |
||
| 082 | 0 | 4 | _a891.73 T65h |
| 100 | 1 | _aTolstoi, Leon | |
| 245 | 1 | 0 |
_aHistoria de un Caballo / _cTolstoi Leon |
| 260 |
_aMedellin, _cEd. cometa de papel, _c1997 |
||
| 300 | _a104 p. | ||
| 490 | _acometa para jovenes y adultos | ||
| 590 | _aForma de adquisición : donacion - - Proveedor : Biblioteca Luis Ángel Arango | ||
| 650 | 1 | 4 |
_acuentos rusos _95408 |
| 942 |
_2ddc _cBK |
||
| 999 |
_c20106 _d20106 |
||